La Conquista del Bajío y los orígenes de San Miguel de Allende (Record no. 86091)
[ view plain ]
| 000 -LEADER | |
|---|---|
| fixed length control field | 00608cam a2200205 4500 |
| 005 - DATE AND TIME OF LATEST TRANSACTION | |
| control field | 20180905133504.0 |
| 008 - FIXED-LENGTH DATA ELEMENTS--GENERAL INFORMATION | |
| fixed length control field | 1998 a spa |
| 020 ## - INTERNATIONAL STANDARD BOOK NUMBER | |
| International Standard Book Number | 968165885X |
| 050 04 - LIBRARY OF CONGRESS CALL NUMBER | |
| Classification number | F1281.9.S26 |
| Item number | C37 1999 |
| 100 1# - MAIN ENTRY--PERSONAL NAME | |
| Personal name | Carr, David Charles Wright. |
| 245 13 - TITLE STATEMENT | |
| Title | La Conquista del Bajío y los orígenes de San Miguel de Allende |
| Statement of responsibility, etc | / David Charles Wright Carr. |
| 250 ## - EDITION STATEMENT | |
| Edition statement | 1a ed. |
| 260 ## - PUBLICATION, DISTRIBUTION, ETC. (IMPRINT) | |
| Place of publication, distribution, etc | México, D.F. : |
| Name of publisher, distributor, etc | Universidad del Valle de México : |
| -- | Fondo de Cultura Económica, |
| Date of publication, distribution, etc | 1999. |
| 300 ## - PHYSICAL DESCRIPTION | |
| Extent | 158 p. ; |
| Dimensions | 21 cm. |
| 490 ## - SERIES STATEMENT | |
| Series statement | Sección de Obras de Historia |
| 504 ## - BIBLIOGRAPHY, ETC. NOTE | |
| Bibliography, etc | Bibliografia: (p. 129-156) |
| 651 #7 - SUBJECT ADDED ENTRY--GEOGRAPHIC NAME | |
| Source of heading or term | LEMB |
| Geographic name | San Miguel de Allende (Guanajuato) |
| General subdivision | Historia |
| 651 #7 - SUBJECT ADDED ENTRY--GEOGRAPHIC NAME | |
| Source of heading or term | LEMB |
| Geographic name | El Bajío (Región) |
| General subdivision | Historia |
| 942 ## - ADDED ENTRY ELEMENTS (KOHA) | |
| Source of classification or shelving scheme | Biblioteca del Cogreso de los Estados Unidos |
| Koha item type | Libro |
| Estado de pérdida | Fuente de clasificación | Estado del daño | No para préstamo | Ubicación permanente | Ubicación actual | Apartado o colección | Fecha de adquisición | Edición | Dependencia de educación superior (DES) | Área del conocimiento | Clasificación | Código de Barras | Date last seen | Número de copia | Tipo de recurso | Nota pública |
|---|---|---|---|---|---|---|---|---|---|---|---|---|---|---|---|---|
| Biblioteca del Cogreso de los Estados Unidos | Biblioteca del Instituto de Investigaciones Históricas | Biblioteca del Instituto de Investigaciones Históricas | General | 03/05/2018 | 1a ed. | Humanidades | Ciencias Sociales y Administrativas | F1281.9.S26 C37 1999 | IIH000015916 | 03/05/2018 | C:1 | Libro | GENERAL | |||
| Biblioteca del Cogreso de los Estados Unidos | Biblioteca del Instituto de Investigaciones Históricas | Biblioteca del Instituto de Investigaciones Históricas | General | 03/05/2018 | 1a ed. | Humanidades | Ciencias Sociales y Administrativas | F1281.9.S26 C37 1999 | IIH000015915 | 03/05/2018 | C:2 | Libro | GENERAL |